[Event "Sarajevo Bosna op 51st"]
[Site "Sarajevo"]
[Date "2022.12.06"]
[Round "7"]
[White "Strinic, Halid"]
[Black "Ekmescic, Tarik"]
[Result "1-0"]
[WhiteElo "2113"]
[BlackElo "1936"]
[PlyCount "116"]
[EventDate "2022.12.02"]
[EventType "swiss"]
[EventRounds "7"]
[EventCountry "BIH"]
[SourceTitle "CBM 211 Extra"]
[Source "ChessBase"]
[SourceDate "2023.01.31"]
[SourceVersion "1"]
[SourceVersionDate "2023.01.31"]
[SourceQuality "1"]

1. Nf3 d5 2. d4 Nf6 3. c4 c6 4. e3 e6 5. Qc2 Bd6 6. Nc3 Nbd7 7. Bd3 dxc4 8. Bxc4 b5 9. Bd3 Bb7 10. 0-0 a6 11. e4 e5 12. a4 exd4 13. Nxd4 Ne5 14. axb5 cxb5 15. Re1 0-0 16. Nd5 Rc8 17. Qb3 Nxd5 18. exd5 Bc5 19. Rxe5 Bxd4 20. Bxh7+ Kxh7 21. Qd3+ Kg8 22. Qxd4 Rc4 23. Qd3 Qc7 24. Re1 Rd8 25. d6 Qc6 26. f3 Rxd6 27. Qf5 Rg6 28. h4 Rc2 29. Bg5 Qb6+ 30. Re3 Re2 31. Qd3 Rxe3 32. Bxe3 Qd6 33. Qxd6 Rxd6 34. Rc1 Rd7 35. Kf2 f6 36. h5 Kf7 37. Ke2 Ke6 38. b4 Bd5 39. Rc5 Bc4+ 40. Kf2 Rd5 41. Rc6+ Rd6 42. Rc8 Rd7 43. g4 Rd3 44. Ra8 Ra3 45. Ra7 Ra2+ 46. Kg3 Ra3 47. Kf4 Ra4 48. Bc5 a5 49. Rxa5 Rxa5 50. bxa5 Bd5 51. a6 Bc6 52. Ke3 Kf7 53. a7 g6 54. hxg6+ Kxg6 55. f4 Kf7 56. f5 Ke8 57. Bd4 Ke7 58. Kd3 Ke8 1-0

[Event "Sarajevo Bosna op 48th"]
[Site "Sarajevo"]
[Date "2018.05.08"]
[Round "5"]
[White "Strinic, Halid"]
[Black "Drasko, Milan"]
[Result "1/2-1/2"]
[WhiteElo "2133"]
[BlackElo "2449"]
[PlyCount "78"]
[EventDate "2018.05.05"]
[EventType "swiss"]
[EventRounds "9"]
[EventCountry "BIH"]
[SourceTitle "CBM 184 Extra"]
[Source "ChessBase"]
[SourceDate "2018.06.28"]
[SourceVersion "1"]
[SourceVersionDate "2018.06.28"]
[SourceQuality "1"]

1. e4 e6 2. d4 d5 3. Nd2 Be7 4. Ngf3 Nf6 5. Bd3 c5 6. e5 Nfd7 7. c3 b6 8. Qe2 a5 9. 0-0 Ba6 10. Bxa6 Nxa6 11. c4 Nc7 12. dxc5 Nxc5 13. cxd5 Nxd5 14. Ne4 0-0 15. Bd2 Rc8 16. Rfd1 Qd7 17. g3 Qa4 18. Nc3 Nxc3 19. Bxc3 Rfd8 20. Nd4 Rd5 21. Rd2 Rcd8 22. b3 Qd7 23. Rad1 Qb7 24. Nb5 Rxd2 25. Rxd2 Rxd2 26. Bxd2 Qd7 27. Be3 Qd5 28. Bd4 g6 29. Qe3 Ne4 30. Nc3 Nxc3 31. Qxc3 b5 32. Be3 a4 33. Bh6 Qa8 34. h4 axb3 35. axb3 Bf8 36. Bxf8 Qxf8 37. b4 Qd8 38. Qc5 Qd3 39. Kh2 h5 1/2-1/2

[Event "Sarajevo-ch"]
[Site "Sarajevo"]
[Date "2018.03.25"]
[Round "9"]
[White "Strinic, Halid"]
[Black "Dizdarevic, Emir"]
[Result "0-1"]
[WhiteElo "2113"]
[BlackElo "2452"]
[PlyCount "108"]
[EventDate "2018.03.19"]
[EventType "tourn"]
[EventRounds "11"]
[EventCountry "BIH"]
[SourceTitle "CBM 183 Extra"]
[Source "ChessBase"]
[SourceDate "2018.04.19"]
[SourceVersion "1"]
[SourceVersionDate "2018.04.19"]
[SourceQuality "1"]

1. c4 b6 2. Nc3 Bb7 3. Nf3 Nf6 4. d3 d5 5. cxd5 Nxd5 6. Bd2 e6 7. a3 Be7 8. e3 0-0 9. Be2 c5 10. 0-0 Nc6 11. Nxd5 Qxd5 12. Qc2 Rac8 13. Rfd1 Rfd8 14. Rac1 h6 15. Qa4 a6 16. Qg4 Ne5 17. Nxe5 Qxe5 18. Bc3 Qg5 19. Qxg5 hxg5 20. d4 cxd4 21. Bxd4 b5 22. Bc3 Rxd1+ 23. Bxd1 b4 24. Bd2 bxa3 25. bxa3 Bxa3 26. Ra1 Be7 27. h3 Ra8 28. Be2 Bd8 29. f3 a5 30. Bb5 f5 31. Kf2 Kf7 32. Rb1 Bd5 33. Ba4 Be7 34. Ke1 Bb4 35. Rb2 Rb8 36. Kd1 Rb7 37. Kc2 Bxd2 38. Rxb7+ Bxb7 39. Kxd2 Ke7 40. Kc3 Kd6 41. Kc4 Ba6+ 42. Bb5 Bb7 43. Kb3 Kc5 44. Ka4 Kb6 45. Bd7 Bd5 46. g3 Bc6+ 47. Bxc6 Kxc6 48. Kxa5 Kc5 49. h4 gxh4 50. gxh4 Kc4 51. Kb6 Kd3 52. Kc6 Kxe3 53. Kd6 Kxf3 54. Kxe6 Kg4 0-1

[Event "Sarajevo-ch"]
[Site "Sarajevo"]
[Date "2018.03.23"]
[Round "5"]
[White "Mrndjic, Muamer"]
[Black "Strinic, Halid"]
[Result "1-0"]
[WhiteElo "2192"]
[BlackElo "2113"]
[PlyCount "75"]
[EventDate "2018.03.19"]
[EventType "tourn"]
[EventRounds "11"]
[EventCountry "BIH"]
[SourceTitle "CBM 183 Extra"]
[Source "ChessBase"]
[SourceDate "2018.04.19"]
[SourceVersion "1"]
[SourceVersionDate "2018.04.19"]
[SourceQuality "1"]

1. e4 e5 2. Nf3 Nc6 3. Bb5 Nf6 4. 0-0 Nxe4 5. d4 Nd6 6. Bxc6 dxc6 7. dxe5 Nf5 8. Qxd8+ Kxd8 9. Rd1+ Ke8 10. Nc3 Be7 11. b3 Be6 12. Bb2 Rd8 13. h3 Nh4 14. Nd4 Nf5 15. Nce2 Nxd4 16. Nxd4 Bc5 17. Nxe6 fxe6 18. Rxd8+ Kxd8 19. Rd1+ Ke7 20. Bc1 h6 21. Kf1 a5 22. c3 b5 23. Bd2 Rb8 24. Ke2 Rd8 25. f4 Bb6 26. Be1 Ra8 27. g4 a4 28. b4 c5 29. a3 cxb4 30. cxb4 Ke8 31. f5 Rd8 32. Rxd8+ Kxd8 33. Kd3 c5 34. Ke4 cxb4 35. Bxb4 exf5+ 36. gxf5 Bf2 37. Kd5 Kd7 38. f6 1-0

[Event "BIH-chT2"]
[Site "Bosna"]
[Date "2017.08.26"]
[Round "3.2"]
[White "Muslimovic, Seval"]
[Black "Strinic, Halid"]
[Result "0-1"]
[WhiteElo "2074"]
[BlackElo "2089"]
[PlyCount "96"]
[EventDate "2017.08.25"]
[EventType "team-tourn"]
[EventRounds "9"]
[EventCountry "BIH"]
[SourceTitle "EXT 2019"]
[Source "ChessBase"]
[SourceDate "2018.10.10"]
[SourceVersion "1"]
[SourceVersionDate "2018.10.10"]
[SourceQuality "1"]

1. c4 c5 2. Nc3 Nf6 3. g3 d5 4. cxd5 Nxd5 5. Bg2 Nc7 6. d3 Nc6 7. Nf3 e5 8. 0-0 Be7 9. b3 0-0 10. Bb2 Re8 11. Rc1 b6 12. Na4 f6 13. Bc3 Nd5 14. Bd2 Be6 15. Nc3 Rc8 16. Nxd5 Bxd5 17. Ne1 Nd4 18. Bc3 Bf8 19. Bxd4 exd4 20. Bxd5+ Qxd5 21. Ng2 Rc6 22. Nf4 Qd7 23. Re1 g6 24. Ng2 Bh6 25. Rb1 a5 26. a4 Rce6 27. Qc2 f5 28. Qc4 Kh8 29. Rb2 Qd6 30. Kf1 f4 31. Nh4 Rf6 32. Kg2 g5 33. Nf3 g4 34. Nd2 f3+ 35. Kf1 Bxd2 36. Rxd2 Rfe6 37. e3 Qe5 38. Kg1 Qh5 39. Kh1 dxe3 40. fxe3 Rxe3 41. Rxe3 Rxe3 42. Qc3+ Qe5 43. Qxe5+ Rxe5 44. Kg1 Kg7 45. Kf2 Kf6 46. h3 h5 47. hxg4 hxg4 48. Kf1 Rh5 0-1